| 000 | 01349nam a2200325Ia 4500 | ||
|---|---|---|---|
| 001 | ebr10363641 | ||
| 003 | CaPaEBR | ||
| 006 | m u | ||
| 007 | cr cn||||||||| | ||
| 008 | 090925s2009 ne ab sb 000 0 eng d | ||
| 010 | _z 2009933145 | ||
| 020 | _z1607500515 | ||
| 020 | _z9781607500513 | ||
| 040 |
_aCaPaEBR _cCaPaEBR |
||
| 035 | _a(OCoLC)608567718 | ||
| 050 | 1 | 4 |
_aHD1697.N4 _bK37 2009eb |
| 100 | 1 | _aKarstens, Sonja. | |
| 245 | 1 | 0 |
_aBridging boundaries _h[electronic resource] : _bmaking scale choices in multi-actor policy analysis on water management / _cSonja Karstens. |
| 260 |
_aAmsterdam ; _aFairfax, VA : _bIOS Press, _cc2009. |
||
| 300 |
_axii, 316 p. : _bill., maps. |
||
| 490 | 1 |
_aDeltares select series, _x1877-5608 ; _vv. 4 |
|
| 504 | _aIncludes bibliographical references. | ||
| 533 |
_aElectronic reproduction. _bPalo Alto, Calif. : _cebrary, _d2011. _nAvailable via World Wide Web. _nAccess may be limited to ebrary affiliated libraries. |
||
| 650 | 0 |
_aWater resources development _zNetherlands _xDecision making. |
|
| 650 | 0 |
_aWater _zNetherlands _xManagement. |
|
| 655 | 7 |
_aElectronic books. _2local |
|
| 710 | 2 | _aebrary, Inc. | |
| 830 | 0 |
_aDeltares select series ; _vv. 4. |
|
| 856 | 4 | 0 |
_uhttp://site.ebrary.com/lib/rucke/Doc?id=10363641 _zAn electronic book accessible through the World Wide Web; click to view |
| 999 |
_c111784 _d111784 |
||